Marketing a sociální odpovědnost

Príčiny nepochopenia marketingu. Marketing ako predpoklad realizácie sociálnej zodpovednosti firiem. Rozhodujúce smery orientácie k spoločenskej zodpovednosti. Nový prístup k hodnoteniu hodnototvorného reťazca. Koncepcia manažmentu produktu.

Saved in:
Bibliographic Details
Main Author: Vávrová, Věra
Format: Book Chapter
Language:Czech
Subjects:
Tags: Add Tag
No Tags, Be the first to tag this record!

MARC

LEADER 00000naa a2200000 4500
001 0193263
005 20231115070539.1
041 0 |a cze 
044 |a CZ 
245 1 0 |a Marketing a sociální odpovědnost  |c Věra Vávrová 
520 |a Príčiny nepochopenia marketingu. Marketing ako predpoklad realizácie sociálnej zodpovednosti firiem. Rozhodujúce smery orientácie k spoločenskej zodpovednosti. Nový prístup k hodnoteniu hodnototvorného reťazca. Koncepcia manažmentu produktu. 
610 2 0 |a firmy 
610 2 0 |a zodpovednosť podniku spoločenská 
610 2 0 |a marketing 
100 1 |a Vávrová, Věra